000 00451nam a22001697a 4500
005 20251027161550.0
008 251027b |||||||| |||| 00| 0 eng d
040 _aMAIN
082 _a796.83
_bS56B
100 _aSandeep
245 _aBoxing in Haryana: an analytical study
260 _bDepartment of Physical Education, M D University, Rohtak
_c2024
300 _a201
650 _aPhysical Education
700 _aSanjeev Kumar
942 _cTH
999 _c393733
_d393733